000 00826nam a2200229 a 4500
001 59332
003 BD-RjUL
005 20211209080722.0
008 161222r19641957enka | 101 0 eng d
035 _a(BD-RjUL)59456
040 _aGZS
_cGZS
_dm.c
_dXBM
_dBD-RjUL
_beng
041 _aeng
082 _223
_a331.21
_bTHE 1964
245 0 4 _aThe theory of wage determination :
_bproceedings of a conference held by the International Economic Association /
_cedited by John T. Dunlop.
260 _aLondon :
_aNew York :
_bMacmillan,
_bSt. Martin's Press,
_c1957 [Reissued 1964].
300 _axv, 437 p. ;
_c23 cm.
500 _aIncludes index.
650 0 _aWages
_vCongresses.
_9176470
700 1 _aDunlop, John T.
_q(John Thomas),
_d1914-2003
_9176471
710 2 _aInternational Economic Association.
_9176472
942 _2ddc
_cBK
999 _c59332
_d59332